000 00526nam a22001817a 4500
005 20251108165506.0
008 250721s1985 xx 000 0 ara d
082 1 4 _aم/920.056/ابا
100 1 _aأبو بكر، أبو عبد الله محمد
245 1 0 _aكتاب الحله السيراء /
264 1 _aالقاهرة :
_bدار المعارف،
_c1985.
300 _a2ج0
650 1 7 _aالعرب
650 1 7 _aالتراجم
700 1 _aمؤنس، حسين
_eمحقق
942 _2ddc
_cREF
999 _c29191
_d29191